000
00313nam a2200145Ia 4500
003
OSt
005
20240319144229.0
008
170523s9999 xx 000 0 und d
020
_a
NA
040
_c
IIMT UNIVERSITY
100
_a
Gupta- P.K.
245
0
_a
Anuprayukt physics
260
_a
Asian
942
_2
ddc
_c
02
999
_c
11607
_d
11607